Comentarios al Cd̤igo civil y compilaciones forales

Detalles Bibliográficos
Formato: Desconocido
Lenguaje:español
Publicado: Madrid : EDERSA, 1991.
Materias:
Acceso en línea:Acceso restringido

MARC

LEADER 00000ny a22000003n 4500
005 20110607135138.0
008 971027s1991 sp s 000 0 spa c
020 |a 8471302160 
035 |a 469 
040 |a UCM.EMP  |d vLex 
040 |a UMA.RE  |d vLex 
080 |a 347.18(460)(094.4.07) 
090 |c 2128  |d 2128 
245 0 0 |a Comentarios al Cd̤igo civil y compilaciones forales  |h [Recurso electrn̤ico]  |c dirigidos por Manuel Albaladejo 
256 |a Servicio en ln̕ea 
260 |a Madrid :  |b EDERSA,  |c 1991. 
300 |a p. ;  |c 23 cm 
505 0 |t Tomo V, Vol. 3, Artc̕ulos 407 a 427 del Cd̤igo Civil y Ley de Aguas (2® edicin̤) / 
506 1 |a Contenido solo disponible en los productos indicados  |d vLex Global  |d vLex Global (Academic Edition, excluding Law Schools)  |d vLex Global (U.S. Academic Edition, Law Schools)  |d vLex Global (U.S. Academic Edition, excluding Law Schools)  |d vLex Global (Academic Edition, Law Schools) 
650 0 7 |2 Tesauro vLex  |a Civil 
650 0 7 |2 Tesauro vLex  |a Cd̤igo civil 
740 0 |a vLex Libros (Servicios en ln̕ea) 
856 4 0 |z Acceso restringido  |u http://vlex.com/source/469 
942 |c BOOK